000 00942cam a2200277 a 4500
001 000013205
005 20260129101438.0
008 820526s1982 ilua b 001 0 eng
020 _a025602667X
040 _aDO-SdBNP
_beng
_cLC
_dBNPHU
082 _a352.63
_bR589b
100 1 _aRipley, Randall B.
_930301
245 1 0 _aBureaucracy and policy implementation /
_cRandall B. Ripley y Grace A. Franklin.
260 _aHomewood, Illinois :
_bDorsey Press,
_c1982.
300 _axii, 226 p. :
_bil. ;
_c23 cm.
490 1 _aThe Dorsey Series in Political Science
504 _aBibliografía: p. 209-217.
650 0 _aBurocracia
_930302
650 4 _aFunción pública
_9659
651 4 _aEstados Unidos
_xPolítica Y Gobierno.
_95436
650 0 _aCiencia política
_95772
700 1 _aFranklin, Grace A.
_930303
830 4 _aThe Dorsey Series in Political Science
_930304
910 _aCatalogación por copia / LC
049 _aBNGR
999 _c12844
_d12844